00375pab a2200133 454500008004000000100001700040245008900057260000900146300001200155362001100167650002600178700001700204773002000221180718b2012 xxu||||| |||| 00| 0 eng d aHarish Kumar aTalent retention in higher educational institutions with reference to academic staff c2012 ap.8-12. a10 Sep aEducational personnel aNegi, Sanjay aUniversity News